000 00493nam a2200181Ia 4500
003 OSt
005 20240322145851.0
008 210210b1960 xxu||||| |||| 00| 0 eng d
040 _cAL
041 _akan
082 _a854/225
100 _aRANGANNA (S V)ರಂಗಣ್ಣ ಎಸ್ ವಿ
_9146660
245 _aMalavikagni:
_bಮಾಳವಿಕಾಗ್ನಿ
260 _aMaisuru
_bSharada Mandira
_c1960
690 _aKannada Criticism
_9146661
906 _a020075
942 _2ddc
_cBK
999 _c144227
_d144227